NBA Play-In Tournament Statistical Leaders - Statistics

General Stats
  • This quiz has been taken 65 times
    5 since last reset
  • The average score is 4 of 39
Answer Stats
Categories Player % Correct
4 Draymond Green
80%
4 Stephen Curry
80%
5 Andrew Wiggins
40%
1 Jimmy Butler
40%
4 Anthony Davis
20%
1 Davion Mitchell
20%
1 Dillon Brooks
20%
4 Ja Morant
20%
1 Karl-Anthony Towns
20%
1 LaMelo Ball
20%
2 Alex Caruso
0%
4 Andre Drummond
0%
5 Bam Adebayo
0%
1 Bogdan Bogdanović
0%
2 Brandon Ingram
0%
1 Caleb Martin
0%
3 CJ McCollum
0%
1 Clint Capela
0%
5 Coby White
0%
1 Daniel Gafford
0%
1 Dejounte Murray
0%
3 DeMar DeRozan
0%
3 Desmond Bane
0%
3 Domantas Sabonis
0%
1 Goga Bitadze
0%
2 Haywood Highsmith
0%
1 Jakob Poeltl
0%
5 Jonas Valančiūnas
0%
1 Keegan Murray
0%
1 Kel'el Ware
0%
1 Kevin Love
0%
5 Kyle Anderson
0%
1 Larry Nance Jr.
0%
2 Naji Marshall
0%
1 Nikola Vučević
0%
1 Onyeka Okongwu
0%
4 Trae Young
0%
1 Trey Murphy III
0%
6 Tyler Herro
0%
No matching quizzes found
Score Distribution
Percent of People with Each Score
Percentile by Number Answered
Your Score History
You have not taken this quiz since the last reset